000 00285nam a2200121Ia 4500
005 20251222144916.0
008 251222s9999||||xx |||||||||||||| ||spa||
082 _a750.928.5/S29
100 _aSchwarz, Herman
245 0 _aVictor Humareda:
264 _bEl Jinete Azul
942 _cLIB
999 _c22551
_d22551